Normal view
MARC view
Entry Personal Name
001 - CONTROL NUMBER
- control field: 47648
003 - CONTROL NUMBER IDENTIFIER
- control field: dpl
005 - DATE AND TIME OF LATEST TRANSACTION
- control field: 20120522111943.0
008 - FIXED-LENGTH DATA ELEMENTS
- fixed length control field: 120522|||a|||||| | ||| d
040 ## - CATALOGING SOURCE
- Original cataloging agency: dpl
- Transcribing agency: dpl
100 ## - HEADING--PERSONAL NAME
- Personal name: ओझा,डी.डी.
670 ## - SOURCE DATA FOUND
- Source citation: Work cat.: (dpl)17199: ओझा,डी.डी., रसायन की रोचक बातें /, 2007
670 ## - SOURCE DATA FOUND
- Source citation: Work cat.: (dpl)17199: ओझा,डी.डी., रसायन की रोचक बातें /, 2007
